000 00425nam a2200181Ia 4500
001 4668
005 20260306145812.0
008 260306t2015||||xx |||||||||||||| ||spa||
041 _aESP
082 _a330
_bK84 2015
100 _aKrugman, Paul
_eAUT
245 0 _aFundamentos de economía
260 _c2015
300 _axxii, 613, 48 páginas :
_c27 cm.
650 _aGEN
654 _aCAN
942 _cLIB
_dJUS
_fJUS
_2ddc
_n
999 _c4668
_d4668